MARC

LEADER 00000nam0a2200000 4500
001 28200
005 20231101205836.0
010 |a 5704600913 
035 |a (RuTPU)RU\TPU\book\28456 
035 |a BOOK00000181 
090 |a 28200 
100 |a 20011209d1993 km y0rusy50 ca 
101 0 |a rus 
102 |a RU 
105 |a a g 000zy 
200 1 |a Аналоговые интегральные микросхемы для телевизионной аппаратуры  |e справочник  |f Д. И. Атаев, В. А. Болотников 
210 |a Москва  |c Изд-во МЭИ  |d 1993 
215 |a 179 с.  |c ил. 
320 |a Библиогр.: с. 181. 
606 |a Микроэлектронные схемы интегральные  |x Контроль  |2 stltpush  |3 (RuTPU)RU\TPU\subj\43837 
606 |a Телевизионная аппаратура  |2 stltpush  |3 (RuTPU)RU\TPU\subj\59148  |9 76714 
610 1 |a микроэлектроника 
610 1 |a интегральные микросхемы 
610 1 |a аналоговые микросхемы 
610 1 |a радиолектронная аппаратура 
610 1 |a справочники 
610 1 |a телевизионная аппаратура 
610 1 |a элементная база 
675 |a 621.397.6(035)  |v 3 
675 |a 621.397.6.049.77(035)  |v 3 
700 1 |a Атаев  |b Д. И.  |g Джаваншир Исмаил 
701 1 |a Болотников  |b В. А.  |g Владимир Александрович 
801 0 |a RU  |b 63413507  |c 20011209  |g PSBO 
801 2 |a RU  |b 63413507  |c 20180214  |g PSBO 
942 |c BK